<?xml version="1.0" encoding="UTF-8"?>
<marc:record xmlns:marc="http://www.loc.gov/MARC21/slim">
   <marc:leader>00000nam a2200000 a 4500</marc:leader>
   <marc:datafield ind1="1" ind2=" " tag="100">
      <marc:subfield code="a">Benjamin, Marc</marc:subfield>
   </marc:datafield>
   <marc:datafield ind1="1" ind2=" " tag="100">
      <marc:subfield code="a">Köhler, Juliane</marc:subfield>
   </marc:datafield>
   <marc:datafield ind1="1" ind2=" " tag="100">
      <marc:subfield code="a">Tafel, Sibylle</marc:subfield>
   </marc:datafield>
   <marc:datafield ind1="0" ind2="0" tag="245">
      <marc:subfield code="a">Für eine Nacht...und immer? [Bildtonträger]</marc:subfield>
   </marc:datafield>
   <marc:datafield ind1="0" ind2="0" tag="245">
      <marc:subfield code="c">Regie: Sibylle Tafel. Mit Juliane Köhler, Marc Benjamin ...</marc:subfield>
   </marc:datafield>
   <marc:datafield ind1=" " ind2="1" tag="264">
      <marc:subfield code="b">Weltkino Filmverleih GmbH (Vertrieb Universum Film)</marc:subfield>
      <marc:subfield code="c">2016</marc:subfield>
   </marc:datafield>
   <marc:datafield ind1="1" ind2=" " tag="520">
      <marc:subfield code="a">Bei einer Geschäftsreise lernt die attraktive Wissenschaftlerin Eva den jungen Pokerspieler Tom kennen, der sogleich hemmungslos mit ihr flirtet. Geschmeichelt lässt sich die Mittvierzigerin auf eine leidenschaftliche Nacht mit ihm ein. Am nächsten Morgen schleicht sie sich davon und beschliesst, den One-Night-Stand schnell zu vergessen. Doch Tom hat sich ernsthaft verliebt und taucht plötzlich bei Eva auf. Unfähig dem jugendlichen Draufgänger zu widerstehen, beginnt sie mit ihm eine Beziehung, die ihr geordnetes Leben völlig auf den Kopf stellt. Doch die Zweifel wegen des grossen Altersunterschieds lassen Eva nicht los.</marc:subfield>
   </marc:datafield>
   <marc:datafield ind1=" " ind2=" " tag="020">
      <marc:subfield code="a">8875176529</marc:subfield>
      <marc:subfield code="9">8875176529</marc:subfield>
   </marc:datafield>
   <marc:datafield ind1=" " ind2=" " tag="500">
      <marc:subfield code="a">Orig. : Deutschland 2015. Sprache: Deutsch (Dolby Digital 5.1), Deutsch (DD Stereo)</marc:subfield>
   </marc:datafield>
   <marc:datafield ind1="0" ind2=" " tag="490">
      <marc:subfield code="v">0</marc:subfield>
   </marc:datafield>
   <marc:datafield ind1=" " ind2=" " tag="300">
      <marc:subfield code="a">1 DVD (90 Min.) : farbig</marc:subfield>
   </marc:datafield>
</marc:record>
